[Event "ODJM B 2023"]
[Site "Willingen GER"]
[Date "2023.05.31"]
[Round "6"]
[White "Törpel, Cedrik"]
[Black "Werner, Florin"]
[Result "0-1"]
[Termination "normal"]
[Board "8"]
[WhiteElo "1678"]
[BlackElo "1678"]
[WhiteClock "00:12:29"]
[BlackClock "00:07:04"]
[PlyCount "128"]
[WhiteFideId "34660380"]
[BlackFideId "16250230"]
[EventCountry "GER"]
[EventRounds "9"]
[EventType "swiss"]
[EventDate "2023.05.27"]

1. e4 {[%clk 01:30:58]} {[%emt 00:00:02]} e6 {[%clk 01:30:50]} {[%emt
00:00:10]} 2. b3 {[%clk 01:31:18]} {[%emt 00:00:11]} d5 {[%clk 01:30:50]}
{[%emt 00:00:29]} 3. Bb2 {[%clk 01:31:44]} {[%emt 00:00:04]} Nf6 {[%clk
01:30:13]} {[%emt 00:01:07]} 4. e5 {[%clk 01:32:09]} {[%emt 00:00:05]} Nfd7
{[%clk 01:30:23]} {[%emt 00:00:20]} 5. Qg4 {[%clk 01:32:24]} {[%emt 00:00:15]}
c5 {[%clk 01:27:44]} {[%emt 00:03:08]} 6. f4 {[%clk 01:32:47]} {[%emt
00:00:07]} Nc6 {[%clk 01:26:38]} {[%emt 00:01:36]} 7. Nf3 {[%clk 01:33:06]}
{[%emt 00:00:12]} a6 {[%clk 01:16:52]} {[%emt 00:10:17]} 8. Be2 {[%clk
01:31:02]} {[%emt 00:02:33]} b5 {[%clk 01:15:12]} {[%emt 00:02:10]} 9. O-O
{[%clk 01:29:24]} {[%emt 00:02:08]} Qe7 {[%clk 01:05:46]} {[%emt 00:09:56]} 10.
Qh3 {[%clk 01:19:28]} {[%emt 00:10:25]} g6 {[%clk 00:57:17]} {[%emt 00:08:59]}
11. Nc3 {[%clk 01:18:59]} {[%emt 00:01:00]} Bg7 {[%clk 00:57:28]} {[%emt
00:00:19]} 12. d3 {[%clk 01:12:39]} {[%emt 00:06:50]} Nb6 {[%clk 00:54:01]}
{[%emt 00:03:57]} 13. a4 {[%clk 01:02:33]} {[%emt 00:10:36]} b4 {[%clk
00:51:44]} {[%emt 00:02:47]} 14. Nd1 {[%clk 01:02:32]} {[%emt 00:00:32]} Bb7
{[%clk 00:51:44]} {[%emt 00:00:29]} 15. Ne3 {[%clk 00:59:47]} {[%emt 00:03:14]}
Na5 {[%clk 00:44:10]} {[%emt 00:08:05]} 16. Nd2 {[%clk 00:56:26]} {[%emt
00:03:51]} Rc8 {[%clk 00:39:18]} {[%emt 00:05:20]} 17. Rad1 {[%clk 00:47:06]}
{[%emt 00:09:52]} O-O {[%clk 00:33:12]} {[%emt 00:06:36]} 18. Ng4 {[%clk
00:41:38]} {[%emt 00:05:57]} d4 {[%clk 00:30:30]} {[%emt 00:03:13]} 19. Bf3
{[%clk 00:36:19]} {[%emt 00:05:48]} h5 {[%clk 00:22:27]} {[%emt 00:08:33]} 20.
Nf6+ {[%clk 00:26:31]} {[%emt 00:10:18]} Bxf6 {[%clk 00:22:06]} {[%emt
00:00:52]} 21. exf6 {[%clk 00:26:45]} {[%emt 00:00:16]} Qxf6 {[%clk 00:22:34]}
{[%emt 00:00:01]} 22. Bxb7 {[%clk 00:23:51]} {[%emt 00:03:24]} Nxb7 {[%clk
00:22:48]} {[%emt 00:00:17]} 23. g4 {[%clk 00:23:38]} {[%emt 00:00:42]} hxg4
{[%clk 00:21:57]} {[%emt 00:01:22]} 24. Qxg4 {[%clk 00:23:47]} {[%emt
00:00:21]} Nd5 {[%clk 00:21:22]} {[%emt 00:01:05]} 25. Rde1 {[%clk 00:22:09]}
{[%emt 00:02:08]} Nd6 {[%clk 00:20:03]} {[%emt 00:01:48]} 26. Ne4 {[%clk
00:22:08]} {[%emt 00:00:32]} Nxe4 {[%clk 00:13:24]} {[%emt 00:07:09]} 27. dxe4
{[%clk 00:21:46]} {[%emt 00:00:51]} Ne7 {[%clk 00:13:20]} {[%emt 00:00:35]} 28.
Kh1 {[%clk 00:21:32]} {[%emt 00:00:44]} Kg7 {[%clk 00:13:08]} {[%emt 00:00:42]}
29. Rf3 {[%clk 00:20:33]} {[%emt 00:01:28]} Rh8 {[%clk 00:13:32]} {[%emt
00:00:06]} 30. Rg1 {[%clk 00:19:52]} {[%emt 00:01:11]} Qh4 {[%clk 00:12:13]}
{[%emt 00:01:49]} 31. Qxh4 {[%clk 00:19:34]} {[%emt 00:00:48]} Rxh4 {[%clk
00:12:42]} 32. f5 {[%clk 00:19:44]} {[%emt 00:00:21]} exf5 {[%clk 00:13:08]}
{[%emt 00:00:04]} 33. exf5 {[%clk 00:19:55]} {[%emt 00:00:19]} Nd5 {[%clk
00:13:32]} {[%emt 00:00:06]} 34. fxg6 {[%clk 00:20:02]} {[%emt 00:00:23]} fxg6
{[%clk 00:14:02]} {[%emt 00:00:01]} 35. Bc1 {[%clk 00:19:31]} {[%emt 00:01:01]}
Re4 {[%clk 00:12:22]} {[%emt 00:02:09]} 36. Rgf1 {[%clk 00:18:45]} {[%emt
00:01:15]} Rc7 {[%clk 00:10:42]} {[%emt 00:02:11]} 37. Bg5 {[%clk 00:18:04]}
{[%emt 00:01:11]} Re2 {[%clk 00:10:18]} {[%emt 00:00:54]} 38. R3f2 {[%clk
00:17:28]} {[%emt 00:01:06]} Rxf2 {[%clk 00:10:21]} {[%emt 00:00:27]} 39. Rxf2
{[%clk 00:17:53]} {[%emt 00:00:05]} Rf7 {[%clk 00:10:46]} {[%emt 00:00:06]} 40.
Rxf7+ {[%clk 00:17:32]} {[%emt 00:00:50]} Kxf7 {[%clk 00:11:13]} {[%emt
00:00:03]} 41. Kg2 {[%clk 00:17:04]} {[%emt 00:00:58]} Ke6 {[%clk 00:07:30]}
{[%emt 00:04:12]} 42. Kf3 {[%clk 00:15:17]} {[%emt 00:02:17]} Kf5 {[%clk
00:07:45]} {[%emt 00:00:16]} 43. Bd2 {[%clk 00:14:52]} {[%emt 00:00:55]} g5
{[%clk 00:06:40]} {[%emt 00:01:35]} 44. h3 {[%clk 00:13:22]} {[%emt 00:01:59]}
Nf6 {[%clk 00:04:30]} {[%emt 00:02:40]} 45. Ke2 {[%clk 00:09:21]} {[%emt
00:04:31]} Ne4 {[%clk 00:03:28]} {[%emt 00:01:32]} 46. Bc1 {[%clk 00:09:32]}
{[%emt 00:00:20]} g4 {[%clk 00:06:45]} {[%emt 00:27:12]} 47. hxg4+ {[%clk
00:38:50]} {[%emt 00:01:13]} Kxg4 {[%clk 00:07:07]} {[%emt 00:00:08]} 48. Bh6
{[%clk 00:37:01]} {[%emt 00:02:18]} Kf5 {[%clk 00:07:25]} {[%emt 00:00:12]} 49.
Kd3 {[%clk 00:36:34]} {[%emt 00:00:57]} Nd6 {[%clk 00:06:05]} {[%emt 00:01:50]}
50. Bf8 {[%clk 00:35:39]} {[%emt 00:01:25]} Ke5 {[%clk 00:06:30]} {[%emt
00:00:06]} 51. Be7 {[%clk 00:33:35]} {[%emt 00:02:33]} Kd5 {[%clk 00:06:51]}
{[%emt 00:00:09]} 52. Bh4 {[%clk 00:29:40]} {[%emt 00:04:25]} c4+ {[%clk
00:04:26]} {[%emt 00:02:56]} 53. bxc4+ {[%clk 00:26:36]} {[%emt 00:03:34]} Nxc4
{[%clk 00:04:51]} {[%emt 00:00:05]} 54. Be7 {[%clk 00:23:20]} {[%emt 00:03:46]}
Nb2+ {[%clk 00:05:11]} {[%emt 00:00:10]} 55. Kd2 {[%clk 00:22:06]} {[%emt
00:01:43]} Kc4 {[%clk 00:04:56]} {[%emt 00:00:46]} 56. Bf6 {[%clk 00:19:55]}
{[%emt 00:02:40]} Nxa4 {[%clk 00:04:59]} {[%emt 00:00:27]} 57. Bd8 {[%clk
00:19:07]} {[%emt 00:01:19]} Nc5 {[%clk 00:05:01]} {[%emt 00:00:28]} 58. Bc7
{[%clk 00:16:50]} {[%emt 00:02:47]} Nb7 {[%clk 00:05:21]} {[%emt 00:00:09]} 59.
Be5 {[%clk 00:16:05]} {[%emt 00:01:14]} a5 {[%clk 00:05:44]} {[%emt 00:00:09]}
60. Kc1 {[%clk 00:15:39]} {[%emt 00:00:56]} Kc3 {[%clk 00:05:54]} {[%emt
00:00:20]} 61. Kb1 {[%clk 00:15:09]} {[%emt 00:01:00]} a4 {[%clk 00:06:07]}
{[%emt 00:00:16]} 62. Bf6 {[%clk 00:13:50]} {[%emt 00:01:49]} Na5 {[%clk
00:06:27]} {[%emt 00:00:11]} 63. Ka2 {[%clk 00:13:00]} {[%emt 00:01:19]} Nc4
{[%clk 00:06:40]} {[%emt 00:00:17]} 64. Kb1 {[%clk 00:12:29]} {[%emt 00:01:01]}
Na3+ {[%clk 00:07:04]} {[%emt 00:00:07]} 0-1

[Event "ODJM B 2023"]
[Site "Willingen GER"]
[Date "2023.05.31"]
[Round "6"]
[White "Götz, Timon"]
[Black "Vollmar, Timo"]
[Result "1-0"]
[Termination "normal"]
[Board "9"]
[WhiteElo "1570"]
[BlackElo "1817"]
[WhiteClock "00:13:00"]
[BlackClock "00:28:44"]
[PlyCount "75"]
[WhiteFideId "16245040"]
[BlackFideId "16253582"]
[EventCountry "GER"]
[EventRounds "9"]
[EventType "swiss"]
[EventDate "2023.05.27"]

1. c4 {[%clk 01:30:55]} {[%emt 00:00:04]} e5 {[%clk 01:30:47]} {[%emt
00:00:13]} 2. g3 {[%clk 01:31:15]} {[%emt 00:00:09]} c6 {[%clk 01:31:06]}
{[%emt 00:00:12]} 3. Bg2 {[%clk 01:30:18]} {[%emt 00:01:27]} d5 {[%clk
01:31:27]} {[%emt 00:00:09]} 4. cxd5 {[%clk 01:30:39]} {[%emt 00:00:09]} cxd5
{[%clk 01:31:47]} {[%emt 00:00:09]} 5. d4 {[%clk 01:31:01]} {[%emt 00:00:09]}
e4 {[%clk 01:30:56]} {[%emt 00:01:21]} 6. Nc3 {[%clk 01:30:58]} {[%emt
00:00:32]} Nc6 {[%clk 01:29:21]} {[%emt 00:02:05]} 7. Nh3 {[%clk 01:28:59]}
{[%emt 00:02:29]} Be6 {[%clk 01:26:13]} {[%emt 00:03:38]} 8. Nf4 {[%clk
01:21:08]} {[%emt 00:08:22]} Nf6 {[%clk 01:22:37]} {[%emt 00:04:06]} 9. O-O
{[%clk 01:20:12]} {[%emt 00:01:26]} Qb6 {[%clk 01:20:36]} {[%emt 00:02:30]} 10.
Nxe6 {[%clk 01:16:07]} {[%emt 00:04:36]} fxe6 {[%clk 01:20:40]} {[%emt
00:00:26]} 11. e3 {[%clk 01:15:27]} {[%emt 00:01:10]} Bd6 {[%clk 01:15:29]}
{[%emt 00:05:41]} 12. f3 {[%clk 01:09:49]} {[%emt 00:06:08]} exf3 {[%clk
01:13:40]} {[%emt 00:02:19]} 13. Bxf3 {[%clk 01:09:18]} {[%emt 00:01:00]} O-O
{[%clk 01:12:14]} {[%emt 00:01:56]} 14. b3 {[%clk 00:56:21]} {[%emt 00:13:28]}
Rf7 {[%clk 01:05:00]} {[%emt 00:07:44]} 15. Bb2 {[%clk 00:54:20]} {[%emt
00:02:31]} Raf8 {[%clk 01:05:01]} {[%emt 00:00:29]} 16. Qe2 {[%clk 00:52:54]}
{[%emt 00:01:55]} Bb4 {[%clk 00:58:16]} {[%emt 00:07:16]} 17. Na4 {[%clk
00:51:55]} {[%emt 00:01:29]} Qd8 {[%clk 00:56:02]} {[%emt 00:02:44]} 18. a3
{[%clk 00:48:17]} {[%emt 00:04:08]} Bd6 {[%clk 00:54:43]} {[%emt 00:01:48]} 19.
b4 {[%clk 00:47:08]} {[%emt 00:01:40]} Qd7 {[%clk 00:49:56]} {[%emt 00:05:17]}
20. Nc3 {[%clk 00:45:42]} {[%emt 00:01:55]} a6 {[%clk 00:46:00]} {[%emt
00:04:27]} 21. Bg2 {[%clk 00:43:28]} {[%emt 00:02:43]} Qc7 {[%clk 00:44:06]}
{[%emt 00:02:25]} 22. Rf3 {[%clk 00:40:40]} {[%emt 00:03:18]} Nd7 {[%clk
00:37:35]} {[%emt 00:07:01]} 23. Rxf7 {[%clk 00:36:24]} {[%emt 00:04:45]} Rxf7
{[%clk 00:37:52]} {[%emt 00:00:13]} 24. Nxd5 {[%clk 00:36:50]} {[%emt
00:00:05]} exd5 {[%clk 00:37:56]} {[%emt 00:00:26]} 25. Bxd5 {[%clk 00:37:12]}
{[%emt 00:00:08]} Nb6 {[%clk 00:37:23]} {[%emt 00:01:02]} 26. Bxf7+ {[%clk
00:35:34]} {[%emt 00:02:08]} Qxf7 {[%clk 00:37:37]} {[%emt 00:00:16]} 27. Rf1
{[%clk 00:33:33]} {[%emt 00:02:31]} Qb3 {[%clk 00:33:28]} {[%emt 00:04:39]} 28.
Qf2 {[%clk 00:31:33]} {[%emt 00:02:31]} Qd5 {[%clk 00:30:27]} {[%emt 00:03:32]}
29. e4 {[%clk 00:26:44]} {[%emt 00:05:18]} Qh5 {[%clk 00:29:54]} {[%emt
00:01:03]} 30. d5 {[%clk 00:26:14]} {[%emt 00:01:00]} Nxd5 {[%clk 00:29:56]}
{[%emt 00:00:27]} 31. exd5 {[%clk 00:24:26]} {[%emt 00:02:19]} Qxd5 {[%clk
00:30:17]} {[%emt 00:00:09]} 32. Re1 {[%clk 00:23:16]} {[%emt 00:01:39]} Ne5
{[%clk 00:30:34]} {[%emt 00:00:13]} 33. Qg2 {[%clk 00:18:19]} {[%emt 00:05:26]}
Nf3+ {[%clk 00:29:16]} {[%emt 00:01:49]} 34. Kh1 {[%clk 00:18:33]} {[%emt
00:00:16]} Qb3 {[%clk 00:27:37]} {[%emt 00:02:10]} 35. Rf1 {[%clk 00:16:05]}
{[%emt 00:02:58]} Ng5 {[%clk 00:27:59]} {[%emt 00:00:08]} 36. Qxb7 {[%clk
00:14:07]} {[%emt 00:02:28]} Ne6 {[%clk 00:28:23]} {[%emt 00:00:06]} 37. Qf7+
{[%clk 00:12:41]} {[%emt 00:01:55]} Kh8 {[%clk 00:28:44]} {[%emt 00:00:09]} 38.
Bxg7+ {[%clk 00:13:00]} {[%emt 00:00:11]} 1-0

[Event "ODJM B 2023"]
[Site "Willingen GER"]
[Date "2023.05.31"]
[Round "6"]
[White "Christen, Jan"]
[Black "John, Niklas"]
[Result "0-1"]
[Termination "normal"]
[Board "11"]
[WhiteElo "1598"]
[BlackElo "1652"]
[WhiteClock "00:22:03"]
[BlackClock "00:02:31"]
[PlyCount "60"]
[WhiteFideId "34643320"]
[BlackFideId "16234626"]
[EventCountry "GER"]
[EventRounds "9"]
[EventType "swiss"]
[EventDate "2023.05.27"]

1. d4 {[%clk 01:30:58]} {[%emt 00:00:01]} Nf6 {[%clk 01:30:52]} {[%emt
00:00:08]} 2. c4 {[%clk 01:31:25]} {[%emt 00:00:03]} g6 {[%clk 01:31:05]}
{[%emt 00:00:17]} 3. Nf3 {[%clk 01:31:47]} {[%emt 00:00:08]} Bg7 {[%clk
01:31:18]} {[%emt 00:00:17]} 4. g3 {[%clk 01:32:00]} {[%emt 00:00:17]} O-O
{[%clk 01:31:30]} {[%emt 00:00:18]} 5. Bg2 {[%clk 01:32:26]} {[%emt 00:00:03]}
c6 {[%clk 01:31:31]} {[%emt 00:00:29]} 6. O-O {[%clk 01:32:42]} {[%emt
00:00:14]} d5 {[%clk 01:31:39]} {[%emt 00:00:22]} 7. Nc3 {[%clk 01:27:33]}
{[%emt 00:05:39]} Nbd7 {[%clk 01:28:50]} {[%emt 00:03:20]} 8. cxd5 {[%clk
01:24:42]} {[%emt 00:03:21]} cxd5 {[%clk 01:28:24]} {[%emt 00:00:57]} 9. e3
{[%clk 01:20:04]} {[%emt 00:05:06]} Nb6 {[%clk 01:19:27]} {[%emt 00:09:28]} 10.
a4 {[%clk 01:18:28]} {[%emt 00:02:06]} Nc4 {[%clk 01:11:03]} {[%emt 00:08:54]}
11. Ne5 {[%clk 01:12:45]} {[%emt 00:06:12]} Nxe5 {[%clk 01:06:39]} {[%emt
00:04:55]} 12. dxe5 {[%clk 01:13:07]} {[%emt 00:00:08]} Nd7 {[%clk 01:05:58]}
{[%emt 00:01:10]} 13. Nxd5 {[%clk 01:02:43]} {[%emt 00:10:55]} Nxe5 {[%clk
01:04:55]} {[%emt 00:01:33]} 14. Rb1 {[%clk 00:55:26]} {[%emt 00:07:46]} Bg4
{[%clk 00:57:18]} {[%emt 00:08:05]} 15. Qb3 {[%clk 00:50:07]} {[%emt 00:05:51]}
e6 {[%clk 00:37:55]} {[%emt 00:19:53]} 16. Nb4 {[%clk 00:44:52]} {[%emt
00:05:45]} Nf3+ {[%clk 00:33:51]} {[%emt 00:04:35]} 17. Kh1 {[%clk 00:41:03]}
{[%emt 00:04:18]} Qa5 {[%clk 00:28:39]} {[%emt 00:05:41]} 18. e4 {[%clk
00:31:52]} {[%emt 00:09:43]} Qh5 {[%clk 00:26:45]} {[%emt 00:02:23]} 19. h4
{[%clk 00:30:37]} {[%emt 00:01:46]} Bf6 {[%clk 00:10:44]} {[%emt 00:16:31]} 20.
Bxf3 {[%clk 00:21:58]} {[%emt 00:09:09]} Bxf3+ {[%clk 00:10:56]} {[%emt
00:00:18]} 21. Kg1 {[%clk 00:21:32]} {[%emt 00:00:55]} Bxh4 {[%clk 00:08:53]}
{[%emt 00:02:34]} 22. Qxf3 {[%clk 00:21:37]} {[%emt 00:00:24]} Qxf3 {[%clk
00:08:48]} {[%emt 00:00:35]} 23. gxh4 {[%clk 00:22:04]} {[%emt 00:00:03]} Qxe4
{[%clk 00:07:12]} {[%emt 00:02:06]} 24. Bd2 {[%clk 00:22:07]} {[%emt 00:00:28]}
Rad8 {[%clk 00:04:16]} {[%emt 00:03:25]} 25. Bc3 {[%clk 00:22:11]} {[%emt
00:00:26]} a5 {[%clk 00:04:03]} {[%emt 00:00:43]} 26. Na2 {[%clk 00:22:22]}
{[%emt 00:00:19]} Rd3 {[%clk 00:03:26]} {[%emt 00:01:07]} 27. Rfe1 {[%clk
00:21:42]} {[%emt 00:01:11]} Qg4+ {[%clk 00:02:26]} {[%emt 00:01:29]} 28. Kf1
{[%clk 00:22:10]} {[%emt 00:00:03]} Rh3 {[%clk 00:02:25]} {[%emt 00:00:30]} 29.
f3 {[%clk 00:21:35]} {[%emt 00:01:06]} Qxf3+ {[%clk 00:02:45]} {[%emt
00:00:10]} 30. Kg1 {[%clk 00:22:03]} Rh1# {[%clk 00:02:31]} {[%emt 00:00:13]}
0-1

[Event "ODJM B 2023"]
[Site "Willingen GER"]
[Date "2023.05.31"]
[Round "6"]
[White "Holzwarth, Felix"]
[Black "Link, Moritz"]
[Result "1/2-1/2"]
[Termination "normal"]
[Board "12"]
[WhiteElo "1591"]
[BlackElo "1589"]
[WhiteClock "00:47:41"]
[BlackClock "00:05:39"]
[PlyCount "99"]
[WhiteFideId "34621377"]
[BlackFideId "34605924"]
[EventCountry "GER"]
[EventRounds "9"]
[EventType "swiss"]
[EventDate "2023.05.27"]

1. e4 {[%clk 01:30:56]} {[%emt 00:00:02]} c5 {[%clk 01:30:50]} {[%emt
00:00:11]} 2. Nf3 {[%clk 01:31:02]} {[%emt 00:00:23]} e6 {[%clk 01:31:11]}
{[%emt 00:00:11]} 3. d4 {[%clk 01:31:29]} {[%emt 00:00:02]} cxd4 {[%clk
01:31:36]} {[%emt 00:00:06]} 4. Nxd4 {[%clk 01:31:55]} {[%emt 00:00:03]} a6
{[%clk 01:31:59]} {[%emt 00:00:07]} 5. Nc3 {[%clk 01:32:09]} {[%emt 00:00:16]}
Qc7 {[%clk 01:32:21]} {[%emt 00:00:08]} 6. Be3 {[%clk 01:32:19]} {[%emt
00:00:20]} Nf6 {[%clk 01:32:26]} {[%emt 00:00:25]} 7. f3 {[%clk 01:28:28]}
{[%emt 00:04:20]} Be7 {[%clk 01:32:17]} {[%emt 00:00:40]} 8. Qd2 {[%clk
01:26:33]} {[%emt 00:02:25]} b5 {[%clk 01:32:12]} {[%emt 00:00:35]} 9. Bd3
{[%clk 01:25:37]} {[%emt 00:01:25]} Bb7 {[%clk 01:30:10]} {[%emt 00:02:33]} 10.
a4 {[%clk 01:20:15]} {[%emt 00:05:52]} bxa4 {[%clk 01:05:55]} {[%emt 00:24:45]}
11. Nxa4 {[%clk 01:20:08]} {[%emt 00:00:36]} d5 {[%clk 01:05:48]} {[%emt
00:00:38]} 12. exd5 {[%clk 01:09:24]} {[%emt 00:11:14]} Nxd5 {[%clk 01:06:06]}
{[%emt 00:00:12]} 13. Bg5 {[%clk 01:03:14]} {[%emt 00:06:38]} Qe5+ {[%clk
01:04:25]} {[%emt 00:02:12]} 14. Kf1 {[%clk 00:59:51]} {[%emt 00:03:54]} Bxg5
{[%clk 01:03:17]} {[%emt 00:01:38]} 15. Re1 {[%clk 00:59:09]} {[%emt 00:01:12]}
Ne3+ {[%clk 01:02:29]} {[%emt 00:01:19]} 16. Kg1 {[%clk 00:59:09]} {[%emt
00:00:29]} Nd7 {[%clk 00:55:17]} {[%emt 00:07:41]} 17. Qb4 {[%clk 00:56:32]}
{[%emt 00:03:07]} Rb8 {[%clk 00:50:28]} {[%emt 00:05:19]} 18. Qc3 {[%clk
00:55:21]} {[%emt 00:01:41]} Qd6 {[%clk 00:44:15]} {[%emt 00:06:44]} 19. Bc4
{[%clk 00:51:13]} {[%emt 00:04:38]} Nd5 {[%clk 00:43:06]} {[%emt 00:01:38]} 20.
Bxd5 {[%clk 00:51:08]} {[%emt 00:00:35]} Bxd5 {[%clk 00:43:25]} {[%emt
00:00:11]} 21. Nf5 {[%clk 00:51:31]} {[%emt 00:00:07]} Qb4 {[%clk 00:30:40]}
{[%emt 00:13:16]} 22. Nxg7+ {[%clk 00:51:16]} {[%emt 00:00:45]} Kf8 {[%clk
00:30:53]} {[%emt 00:00:16]} 23. Nxe6+ {[%clk 00:50:00]} {[%emt 00:01:47]} Bxe6
{[%clk 00:31:22]} {[%emt 00:00:01]} 24. Qxh8+ {[%clk 00:50:20]} {[%emt
00:00:10]} Ke7 {[%clk 00:31:24]} {[%emt 00:00:42]} 25. Qc3 Qxa4 {[%clk
00:31:20]} {[%emt 00:01:08]} 26. h4 Bf6 {[%emt 00:02:15]} 27. Qa3+ {[%emt
00:02:09]} Qxa3 {[%clk 00:29:42]} {[%emt 00:00:03]} 28. bxa3 {[%emt 00:00:57]}
Rb2 {[%emt 00:00:22]} 29. Re2 {[%emt 00:03:02]} Rb1+ {[%clk 00:26:47]} 30. Kh2
{[%emt 00:00:11]} Be5+ {[%clk 00:26:59]} {[%emt 00:00:12]} 31. g3 {[%emt
00:00:07]} Bxg3+ {[%clk 00:27:35]} {[%emt 00:00:06]} 32. Kg2 {[%clk 00:51:04]}
Rxh1 {[%clk 00:27:35]} 33. Kxh1 {[%clk 00:51:04]} Nf6 {[%clk 00:27:35]} 34. Kg2
{[%clk 00:51:04]} Bxh4 {[%clk 00:27:35]} 35. f4 {[%clk 00:50:19]} {[%emt
00:08:14]} Ng4 {[%clk 00:22:38]} {[%emt 00:00:33]} 36. f5 Nf6 {[%emt 00:01:29]}
37. Kh3 {[%emt 00:00:32]} Bg5 {[%clk 00:22:48]} {[%emt 00:00:07]} 38. fxe6
{[%clk 00:50:37]} {[%emt 00:00:08]} fxe6 {[%clk 00:22:29]} {[%emt 00:00:16]}
39. Re5 Bd2 {[%clk 00:21:52]} {[%emt 00:02:07]} 40. Kg2 {[%clk 00:50:58]} Kd6
{[%clk 00:21:52]} 41. Re2 Bc3 42. Kf3 {[%clk 00:50:32]} e5 {[%clk 00:21:52]}
43. Re3 {[%clk 00:50:32]} Bd4 {[%clk 00:21:52]} 44. Rb3 {[%clk 00:50:32]} Kc5
{[%emt 00:05:44]} 45. Rb8 {[%emt 00:02:02]} e4+ {[%clk 00:15:53]} {[%emt
00:05:23]} 46. Ke2 {[%clk 00:48:13]} {[%emt 00:01:47]} h5 {[%clk 00:12:06]}
{[%emt 00:04:18]} 47. Rc8+ {[%clk 00:48:28]} {[%emt 00:00:14]} Kd5 {[%clk
00:09:09]} {[%emt 00:04:17]} 48. Ra8 h4 {[%emt 00:01:30]} 49. Rh8 {[%emt
00:00:07]} Bg1 {[%clk 00:05:39]} {[%emt 00:03:58]} 50. Rxh4 {[%clk 00:47:41]}
{[%emt 00:00:22]} 1/2-1/2

[Event "ODJM B 2023"]
[Site "Willingen GER"]
[Date "2023.05.31"]
[Round "6"]
[White "Glotz, Richard"]
[Black "Hepp, Daniel"]
[Result "1-0"]
[Termination "normal"]
[Board "13"]
[WhiteElo "1591"]
[BlackElo "1442"]
[WhiteClock "00:28:21"]
[BlackClock "00:52:55"]
[PlyCount "84"]
[WhiteFideId "34601520"]
[BlackFideId "34608567"]
[EventCountry "GER"]
[EventRounds "9"]
[EventType "swiss"]
[EventDate "2023.05.27"]

1. e4 {[%clk 01:30:59]} c5 {[%clk 01:30:55]} {[%emt 00:00:05]} 2. Nf3 {[%clk
01:31:22]} {[%emt 00:00:07]} Nc6 {[%clk 01:31:16]} {[%emt 00:00:09]} 3. d4
{[%clk 01:31:46]} {[%emt 00:00:06]} cxd4 {[%clk 01:31:35]} {[%emt 00:00:11]} 4.
Nxd4 {[%clk 01:32:10]} {[%emt 00:00:06]} g6 {[%clk 01:31:53]} {[%emt 00:00:13]}
5. c4 {[%clk 01:32:30]} {[%emt 00:00:10]} Bg7 {[%clk 01:32:04]} {[%emt
00:00:18]} 6. Be3 {[%clk 01:32:53]} {[%emt 00:00:08]} Nf6 {[%clk 01:31:45]}
{[%emt 00:00:48]} 7. Nc3 {[%clk 01:33:14]} {[%emt 00:00:09]} d6 {[%clk
01:31:47]} {[%emt 00:00:29]} 8. Be2 {[%clk 01:33:09]} {[%emt 00:00:34]} O-O
{[%clk 01:31:51]} {[%emt 00:00:26]} 9. O-O {[%clk 01:33:31]} {[%emt 00:00:08]}
Bd7 {[%clk 01:31:50]} {[%emt 00:00:31]} 10. Qd2 {[%clk 01:32:29]} {[%emt
00:01:32]} Rc8 {[%clk 01:31:15]} {[%emt 00:01:06]} 11. f3 {[%clk 01:22:44]}
{[%emt 00:10:14]} Qa5 {[%clk 01:28:20]} {[%emt 00:03:25]} 12. Rab1 {[%clk
01:15:42]} {[%emt 00:07:32]} a6 {[%clk 01:18:37]} {[%emt 00:10:13]} 13. Rfc1
{[%clk 01:10:41]} {[%emt 00:05:31]} Qe5 {[%clk 01:14:38]} {[%emt 00:04:29]} 14.
f4 {[%clk 01:03:03]} {[%emt 00:08:07]} Qa5 {[%clk 01:13:29]} {[%emt 00:01:40]}
15. Nxc6 {[%clk 00:51:06]} {[%emt 00:12:27]} bxc6 {[%clk 01:11:51]} {[%emt
00:02:08]} 16. b4 {[%clk 00:50:50]} {[%emt 00:00:46]} Qc7 {[%clk 01:11:35]}
{[%emt 00:00:45]} 17. a4 {[%clk 00:46:10]} {[%emt 00:05:11]} a5 {[%clk
00:59:25]} {[%emt 00:12:41]} 18. b5 {[%clk 00:45:08]} {[%emt 00:01:32]} c5
{[%clk 00:59:12]} {[%emt 00:00:43]} 19. h3 {[%clk 00:41:26]} {[%emt 00:04:11]}
Rb8 {[%clk 00:54:47]} {[%emt 00:04:56]} 20. Bf3 {[%clk 00:37:39]} {[%emt
00:04:16]} Be6 {[%clk 00:53:13]} {[%emt 00:02:05]} 21. Qe2 {[%clk 00:32:27]}
{[%emt 00:05:41]} Nd7 {[%clk 00:52:35]} {[%emt 00:01:08]} 22. Nd5 {[%clk
00:25:52]} {[%emt 00:07:04]} Bxd5 {[%clk 00:50:22]} {[%emt 00:02:44]} 23. exd5
{[%clk 00:26:09]} {[%emt 00:00:13]} Nb6 {[%clk 00:50:22]} {[%emt 00:00:31]} 24.
Qc2 {[%clk 00:24:51]} {[%emt 00:01:46]} Rbe8 {[%clk 00:43:50]} {[%emt
00:07:03]} 25. Re1 {[%clk 00:17:16]} {[%emt 00:08:06]} Qa7 {[%clk 00:37:06]}
{[%emt 00:07:14]} 26. Re2 {[%clk 00:14:59]} {[%emt 00:02:47]} e5 {[%clk
00:35:59]} {[%emt 00:01:36]} 27. dxe6 {[%clk 00:12:15]} {[%emt 00:03:15]} Rxe6
{[%clk 00:35:58]} {[%emt 00:00:30]} 28. Bf2 {[%clk 00:10:06]} {[%emt 00:02:38]}
Rxe2 {[%clk 00:35:53]} {[%emt 00:00:36]} 29. Bxe2 {[%clk 00:10:13]} {[%emt
00:00:23]} Re8 {[%clk 00:35:53]} {[%emt 00:00:31]} 30. Bf3 {[%clk 00:09:58]}
{[%emt 00:00:44]} Kf8 {[%clk 00:32:44]} {[%emt 00:03:39]} 31. Kh1 {[%clk
00:07:58]} {[%emt 00:02:29]} Qc7 {[%clk 00:31:11]} {[%emt 00:02:04]} 32. Rd1
{[%clk 00:07:04]} {[%emt 00:01:24]} Bf6 {[%clk 00:29:47]} {[%emt 00:01:54]} 33.
Be1 {[%clk 00:05:26]} {[%emt 00:02:08]} Nc8 {[%clk 00:27:32]} {[%emt 00:02:46]}
34. Qd2 {[%clk 00:03:41]} {[%emt 00:02:15]} Rxe1+ {[%clk 00:25:41]} {[%emt
00:02:20]} 35. Rxe1 {[%clk 00:03:36]} {[%emt 00:00:36]} Kg7 {[%clk 00:25:41]}
{[%emt 00:00:29]} 36. Qc2 {[%clk 00:02:12]} {[%emt 00:01:54]} Ne7 {[%clk
00:25:27]} {[%emt 00:00:45]} 37. Rb1 {[%clk 00:02:05]} {[%emt 00:00:36]} Qb6
{[%clk 00:25:39]} {[%emt 00:00:18]} 38. Be4 {[%clk 00:01:52]} {[%emt 00:00:43]}
Bd4 {[%clk 00:25:23]} {[%emt 00:00:47]} 39. Qe2 {[%clk 00:01:34]} {[%emt
00:00:47]} Ng8 {[%clk 00:25:21]} {[%emt 00:00:32]} 40. Bc6 {[%clk 00:00:43]}
{[%emt 00:01:22]} Nh6 {[%clk 00:24:27]} {[%emt 00:01:24]} 41. g4 {[%clk
00:28:21]} {[%emt 00:02:50]} Ng8 {[%clk 00:52:55]} {[%emt 00:02:03]} 42. Qe8
Qb8 {[%clk 00:52:55]} 1-0